Statistics for Rhyme Time - Spanish

Click here to take the quiz!

General Stats

  • This quiz has been taken 3,688 times
  • The average score is 11 of 20

Answer Stats

Hint Answer % Correct
Gato gordoFat cat
93%
Luz blancaWhite light
85%
Cama rojaRed bed
77%
Ratón de casaHouse mouse
72%
Árbol gratisFree tree
71%
Parque oscuroDark park
69%
Paloma amorDove love
65%
Toro llenoFull bull
58%
Canción largaLong song
55%
Violonchelo amarilloYellow cello
54%
Dolor principalMain pain
50%
Chico jugueteBoy toy
50%
Buena maderaGood wood
47%
Estrella lejanaFar star
47%
Peligro extrañoStranger danger
44%
Deseo de pezFish wish
36%
Viaje en barcoShip trip
35%
Cono de piedraStone cone
25%
Cola de ballenaWhale tail
24%
Tipo secoDry guy
20%

Score Distribution

Percentile by Number Answered

Percent of People with Each Score

Your Score History

You have not taken this quiz